[Event "19th EUR-ch"]
[Site "Batumi GEO"]
[Date "2018.03.20"]
[Round "4.58"]
[White "Matlakov, Maxim"]
[Black "Kanmazalp, Ogulcan"]
[Result "1/2-1/2"]
[WhiteElo "2707"]
[BlackElo "2473"]
[EventDate "2018.03.17"]
[PlyCount "123"]

1.d4 Nf6 2.c4 c5 3.d5 b5 4.Qc2 bxc4 5.e4 e6 6.Nc3 exd5 7.e5 Bb7 8.exf6 
Qxf6 9.Nh3 Be7 10.Be2 d4 11.O-O d3 12.Bxd3 cxd3 13.Qxd3 O-O 14.Re1 Qc6 15.
Nf4 Bd6 16.Ncd5 Na6 17.Bd2 Rfe8 18.Bc3 Bxf4 19.Nxf4 d5 20.f3 Nc7 21.Rac1 
Rxe1+ 22.Bxe1 c4 23.Qd2 Ne6 24.Bf2 Nxf4 25.Qxf4 a5 26.Re1 Re8 27.Rxe8+ 
Qxe8 28.Qc7 Qa8 29.Bd4 f6 30.g4 h6 31.h4 Qc8 32.Qxa5 Qe8 33.Kf2 Bc6 34.Qd2
Qe7 35.Qf4 Qe6 36.g5 hxg5 37.hxg5 Kf7 38.Bc3 Kg6 39.gxf6 gxf6 40.Bd4 Kf7 
41.Qb8 Qe8 42.Qh2 Qe7 43.Qh7+ Ke6 44.Qg8+ Qf7 45.Qc8+ Qd7 46.Qh8 Qe7 47.
Ke3 Bd7 48.Kd2 Qb4+ 49.Bc3 Qe7 50.a3 Kf7 51.Bb4 Qe8 52.Qh7+ Ke6 53.Ke3 Qf7
54.Qh3+ f5 55.Bc3 Qg6 56.Qh2 Qg5+ 57.f4 Qg6 58.Be5 Be8 59.Kd4 Kd7 60.Kc3 
Qb6 61.Kd2 Bf7 62.Qh7 1/2-1/2

[Event "19th EUR-ch"]
[Site "Batumi GEO"]
[Date "2018.03.20"]
[Round "4.59"]
[White "Ponomariov, Ruslan"]
[Black "Lobanov, Sergei"]
[Result "1-0"]
[WhiteElo "2697"]
[BlackElo "2468"]
[EventDate "2018.03.17"]
[PlyCount "81"]

1.Nf3 d5 2.d4 Nf6 3.c4 c6 4.Qb3 e6 5.g3 Be7 6.Bg2 Nbd7 7.O-O O-O 8.Rd1 b6 
9.Nc3 Ba6 10.cxd5 cxd5 11.Bf4 Bc4 12.Qc2 Rc8 13.Ne5 b5 14.Nxc4 bxc4 15.e4 
dxe4 16.Bxe4 Nxe4 17.Qxe4 Nf6 18.Qb7 Bd6 19.Bxd6 Qxd6 20.Qxa7 Ra8 21.Qc5 
Qxc5 22.dxc5 Rfc8 23.b4 cxb3 24.axb3 Rab8 25.Na4 Nd5 26.Rd3 g5 27.Rc1 Rb5 
28.Rc4 Kg7 29.Kf1 Rcb8 30.c6 Rc8 31.Ke2 Kf8 32.Nc3 Nxc3+ 33.Rdxc3 Ke7 34.
b4 Rc7 35.g4 Kd8 36.Kd3 f5 37.gxf5 exf5 38.Kd4 Re7 39.Ra3 Rc7 40.Ra5 Rxa5 
41.bxa5 1-0

[Event "19th EUR-ch"]
[Site "Batumi GEO"]
[Date "2018.03.20"]
[Round "4.60"]
[White "Motylev, Alexander"]
[Black "Miron, Lucian-Costin"]
[Result "1/2-1/2"]
[WhiteElo "2669"]
[BlackElo "2471"]
[EventDate "2018.03.17"]
[PlyCount "72"]

1.e4 e5 2.Nf3 Nc6 3.Bb5 a6 4.Ba4 Nf6 5.O-O Be7 6.Re1 b5 7.Bb3 d6 8.c3 O-O 
9.h3 Nb8 10.d4 Nbd7 11.Nbd2 Bb7 12.Bc2 Re8 13.Nf1 Bf8 14.Ng3 g6 15.a4 Nb6 
16.b3 bxa4 17.bxa4 a5 18.Rb1 Ba6 19.Nh2 Bg7 20.f4 Rb8 21.Nf3 Nfd7 22.Bb3 
Bc4 23.Bc2 Qc8 24.f5 d5 25.Bg5 exd4 26.cxd4 dxe4 27.Nxe4 Nd5 28.Rc1 Qa6 
29.Bb1 gxf5 30.Ng3 Rxe1+ 31.Qxe1 Bd3 32.Ba2 Qd6 33.Nh5 Be4 34.Nxg7 Kxg7 
35.Nd2 Nb4 36.Nxe4 fxe4 1/2-1/2

[Event "19th EUR-ch"]
[Site "Batumi GEO"]
[Date "2018.03.20"]
[Round "4.61"]
[White "Sutovsky, Emil"]
[Black "Draskovic, Luka"]
[Result "1-0"]
[WhiteElo "2659"]
[BlackElo "2447"]
[EventDate "2018.03.17"]
[PlyCount "51"]

1.e4 d6 2.d4 Nf6 3.Nc3 e5 4.Nf3 exd4 5.Nxd4 Be7 6.Bf4 O-O 7.Qd2 d5 8.O-O-O
Bb4 9.exd5 Bxc3 10.Qxc3 Nxd5 11.Qg3 Nxf4 12.Qxf4 Nd7 13.Bc4 c6 14.Nf5 g6 
15.Bxf7+ Rxf7 16.Nh6+ Kg7 17.Qxf7+ Kxh6 18.Rd3 Ne5 19.Rxd8 Nxf7 20.Rg8 b6 
21.Re1 Nd6 22.Rd1 Nf7 23.f4 c5 24.Rd3 c4 25.Re3 Nd6 26.g4 1-0

[Event "19th EUR-ch"]
[Site "Batumi GEO"]
[Date "2018.03.20"]
[Round "4.62"]
[White "Beradze, Irakli"]
[Black "Meier, Georg"]
[Result "1/2-1/2"]
[WhiteElo "2464"]
[BlackElo "2648"]
[EventDate "2018.03.17"]
[PlyCount "104"]

1.Nf3 d5 2.d4 Nf6 3.c4 e6 4.Nc3 dxc4 5.e4 Bb4 6.Bg5 h6 7.Bxf6 Qxf6 8.Bxc4 
c5 9.O-O cxd4 10.Nb5 Qe7 11.Qxd4 O-O 12.Nxa7 Bc5 13.Nxc8 Rxc8 14.Qd3 Nc6 
15.Qe2 Rd8 16.Rfd1 Rxd1+ 17.Rxd1 Rd8 18.Rxd8+ Qxd8 19.g3 Nd4 20.Nxd4 Qxd4 
21.h4 g6 22.Kg2 h5 23.a3 Be7 24.e5 Bf8 25.Bd3 Bg7 26.f4 Bf8 27.Be4 b6 28.
b4 Kg7 29.Qf3 Be7 30.Kh3 Bf8 31.Bc6 Be7 32.Be8 Qd8 33.Bb5 Bf8 34.Qb7 Qd1 
35.Qe4 Be7 36.Be2 Qa1 37.Qf3 Bf8 38.Kg2 Qb2 39.Qe3 Be7 40.Kh3 Bd8 41.Qd3 
Be7 42.Qe3 Bd8 43.Bf3 Be7 44.Bg2 Qa1 45.Qd3 Bf8 46.Bf1 Be7 47.Kg2 Qe1 48.
Kf3 Bf8 49.Be2 Qc1 50.Ke4 Qb2 51.Ke3 Be7 52.Ke4 Kf8 1/2-1/2

[Event "19th EUR-ch"]
[Site "Batumi GEO"]
[Date "2018.03.20"]
[Round "4.63"]
[White "Krasenkow, Michal"]
[Black "Zavhorodnii, Serhii"]
[Result "1-0"]
[WhiteElo "2644"]
[BlackElo "2430"]
[EventDate "2018.03.17"]
[PlyCount "45"]

1.d4 Nf6 2.Nf3 d6 3.c4 Nbd7 4.Nc3 c6 5.e4 e5 6.Be2 Be7 7.O-O O-O 8.d5 Nc5 
9.Qc2 cxd5 10.cxd5 Qc7 11.Ne1 Bd7 12.Be3 Rac8 13.Rc1 Qa5 14.Qb1 Na4 15.b4 
Nxc3 16.Rxc3 Qa4 17.Rb3 Bb5 18.Bxb5 Qxb5 19.f3 Nd7 20.Qd3 Qa4 21.Nc2 Qxa2 
22.Na3 a6 23.Rfb1 1-0

[Event "19th EUR-ch"]
[Site "Batumi GEO"]
[Date "2018.03.20"]
[Round "4.64"]
[White "Firat, Burak"]
[Black "Kovalenko, Igor"]
[Result "1-0"]
[WhiteElo "2453"]
[BlackElo "2642"]
[EventDate "2018.03.17"]
[PlyCount "67"]

1.e4 c5 2.Nf3 d6 3.d4 cxd4 4.Nxd4 Nf6 5.Nc3 a6 6.h3 e5 7.Nde2 Be6 8.g4 
Nbd7 9.Bg2 Rc8 10.Ng3 h6 11.Be3 g6 12.Qd2 Qc7 13.O-O-O Nb6 14.b3 Nc4 15.
bxc4 Qxc4 16.Nd5 Nxd5 17.exd5 Qxa2 18.c3 Qa3+ 19.Kc2 Bd7 20.Ra1 Qb4 21.Kd1
Rxc3 22.Be4 Be7 23.Ke2 Bb5+ 24.Kf3 Rxe3+ 25.Qxe3 Bg5 26.Qa3 Qd2 27.Qxd6 
Qf4+ 28.Kg2 Be7 29.Qb8+ Bd8 30.Ra3 O-O 31.Rf3 Qg5 32.Qxb7 Ba5 33.d6 Bd2 
34.Bd3 1-0

[Event "19th EUR-ch"]
[Site "Batumi GEO"]
[Date "2018.03.20"]
[Round "4.65"]
[White "Asadli, Vugar"]
[Black "Fridman, Daniel"]
[Result "0-1"]
[WhiteElo "2449"]
[BlackElo "2637"]
[EventDate "2018.03.17"]
[PlyCount "74"]

1.e4 c6 2.c4 d5 3.exd5 Nf6 4.Nf3 cxd5 5.cxd5 Nxd5 6.Nc3 e6 7.d4 Bb4 8.Bd2 
Nc6 9.Bd3 Be7 10.O-O O-O 11.a3 Nf6 12.Bg5 h6 13.Bh4 Nh5 14.Bxe7 Nxe7 15.
Re1 Nf6 16.Ne5 Bd7 17.Re3 Bc6 18.Qd2 Re8 19.Rae1 Ned5 20.Rg3 Kf8 21.Rh3 
Rc8 22.Ne2 Qb6 23.Ng3 Bb5 24.Bb1 Rc7 25.f4 Ne7 26.f5 exf5 27.Rxh6 gxh6 28.
Qxh6+ Kg8 29.Qg5+ Ng6 30.Nxf5 Nh7 31.Qh6 Qf6 32.Rf1 Bxf1 33.Ng4 Qh8 34.Qd2
Bc4 35.d5 Bxd5 36.Ngh6+ Kf8 37.Qxd5 Rc1+ 0-1

[Event "19th EUR-ch"]
[Site "Batumi GEO"]
[Date "2018.03.20"]
[Round "4.66"]
[White "Alexandrov, Alexei"]
[Black "Zarubitski, Viachaslau"]
[Result "1/2-1/2"]
[WhiteElo "2630"]
[BlackElo "2425"]
[EventDate "2018.03.17"]
[PlyCount "27"]

1.d4 d5 2.c4 c6 3.cxd5 cxd5 4.Nc3 Nf6 5.Nf3 Nc6 6.Bf4 e6 7.e3 Bd6 8.Bxd6 
Qxd6 9.Bd3 O-O 10.O-O Bd7 11.Rc1 a6 12.a3 b5 13.b4 Rfc8 14.Qe2 1/2-1/2

[Event "19th EUR-ch"]
[Site "Batumi GEO"]
[Date "2018.03.20"]
[Round "4.67"]
[White "Perunovic, Miodrag"]
[Black "Solak, Dragan"]
[Result "1/2-1/2"]
[WhiteElo "2429"]
[BlackElo "2629"]
[EventDate "2018.03.17"]
[PlyCount "118"]

1.d4 d5 2.c4 c6 3.cxd5 cxd5 4.Bf4 Nc6 5.e3 Nf6 6.Nc3 Bf5 7.Qb3 Na5 8.Qa4+ 
Bd7 9.Qc2 Rc8 10.Bd3 e6 11.Nf3 Be7 12.h3 Ne4 13.O-O Nxc3 14.bxc3 h6 15.Ne5
O-O 16.Rac1 Nc6 17.Nxd7 Qxd7 18.Qe2 Bd6 19.Bxd6 Qxd6 20.f4 Rc7 21.Qh5 Ne7 
22.c4 Qa3 23.Qe2 Nf5 24.Kf2 Rfc8 25.c5 b6 26.Ba6 Nxe3 27.Rfe1 Rb8 28.Qd3 
Qxd3 29.Bxd3 Nc4 30.Bxc4 dxc4 31.Rxc4 bxc5 32.dxc5 Rd8 33.Ke3 Rd5 34.Rec1 
Kf8 35.Ra4 g5 36.fxg5 hxg5 37.g3 Rdxc5 38.Rxc5 Rxc5 39.Rxa7 Rc3+ 40.Kf2 
Kg7 41.a4 Ra3 42.a5 Kg6 43.a6 e5 44.Ra8 Kf5 45.h4 Ra2+ 46.Ke3 Ra3+ 47.Kf2 
gxh4 48.gxh4 Kf4 49.h5 e4 50.h6 e3+ 51.Ke2 Ra2+ 52.Kd3 e2 53.Re8 Rxa6 54.
Rxe2 Rd6+ 55.Kc4 Kg5 56.h7 Rh6 57.Rg2+ Kf5 58.Kd3 Rxh7 59.Ke2 Ke5 1/2-1/2

[Event "19th EUR-ch"]
[Site "Batumi GEO"]
[Date "2018.03.20"]
[Round "4.68"]
[White "Antipov, Mikhail"]
[Black "Ushenina, Anna"]
[Result "1/2-1/2"]
[WhiteElo "2616"]
[BlackElo "2423"]
[EventDate "2018.03.17"]
[PlyCount "83"]

1.d4 d5 2.c4 c6 3.Nf3 Nf6 4.e3 Bf5 5.Nc3 e6 6.Nh4 Be4 7.f3 Bg6 8.Qb3 Qc7 
9.Bd2 Be7 10.cxd5 cxd5 11.Nxg6 hxg6 12.g3 Nc6 13.Rc1 Rc8 14.Kf2 g5 15.Qd1 
Qd8 16.Be1 g6 17.Kg2 Kf8 18.h3 Kg7 19.Bf2 e5 20.dxe5 Nxe5 21.Be2 Qd7 22.
Qb3 Rc6 23.Bb5 Qf5 24.Qd1 Rd6 25.Be2 a6 26.Na4 Rc6 27.Rxc6 Nxc6 28.Qd3 Qe6
29.Qc2 Qe5 30.b3 Ba3 31.Nc5 Qe7 32.Nd3 Re8 33.Re1 Rc8 34.Bf1 Rc7 35.Qb1 
Ne5 36.Nxe5 Qxe5 37.Rd1 Qc3 38.Bd3 Qe5 39.Re1 Bc5 40.Re2 Bb6 41.Qd1 Rc8 
42.Qd2 1/2-1/2

[Event "19th EUR-ch"]
[Site "Batumi GEO"]
[Date "2018.03.20"]
[Round "4.69"]
[White "Haria, Ravi"]
[Black "Martinovic, Sasa"]
[Result "0-1"]
[WhiteElo "2424"]
[BlackElo "2604"]
[EventDate "2018.03.17"]
[PlyCount "162"]

1.Nf3 f5 2.d3 Nc6 3.d4 e6 4.c4 Nf6 5.Nc3 Bb4 6.Qb3 Ne4 7.d5 Bxc3+ 8.bxc3 
Na5 9.Qa4 b6 10.Nd2 Qf6 11.Qb4 c5 12.dxc6 Nxc6 13.Qa3 Ne5 14.e3 Bb7 15.
Nxe4 fxe4 16.Be2 Qe7 17.Qxe7+ Kxe7 18.Ba3+ d6 19.O-O-O Rhd8 20.Rd4 Rac8 
21.Rhd1 Nf7 22.f3 e5 23.R4d2 exf3 24.gxf3 Ba6 25.f4 exf4 26.Rd4 fxe3 27.
Re4+ Kf8 28.Bg4 Rxc4 29.Rdd4 Rxd4 30.Rxd4 Bc8 31.Be2 Bf5 32.Kd1 Ke7 33.Ra4
a5 34.Bc1 Rc8 35.Bxe3 Rxc3 36.Bxb6 Rc6 37.Rxa5 Rxb6 38.Rxf5 Ne5 39.Rf4 Rb2
40.Ra4 Kf6 41.Ra6 Ke6 42.Ra7 Kf6 43.Ra6 Ke6 44.Ra7 g6 45.a4 h5 46.a5 Nc6 
47.Rg7 Kf6 48.Rd7 Ke6 49.Rg7 Ne7 50.a6 d5 51.Rh7 Ra2 52.Rh8 Nc6 53.Rg8 Ne5
54.Rg7 Kd6 55.a7 Kc5 56.Kc1 Kb6 57.Re7 Nc6 58.Re6 Rxa7 59.Rxg6 h4 60.Bf3 
Kc5 61.Rg5 Nb4 62.Rh5 Ra1+ 63.Kd2 Ra2+ 64.Ke3 Rxh2 65.Kf4 Kc4 66.Kg4 d4 
67.Be4 Nd3 68.Bf5 Ne5+ 69.Kf4 Nd3+ 70.Kg5 Ne1 71.Kg4 Ng2 72.Kf3 Ne1+ 73.
Kg4 Ng2 74.Kf3 d3 75.Rh8 Ne1+ 76.Kg4 Rg2+ 77.Kh3 d2 78.Rc8+ Kd4 79.Rd8+ 
Ke3 80.Bg4 Rg3+ 81.Kxh4 Rxg4+ 0-1

[Event "19th EUR-ch"]
[Site "Batumi GEO"]
[Date "2018.03.20"]
[Round "4.70"]
[White "Can, Emre"]
[Black "Drori, Saar"]
[Result "1/2-1/2"]
[WhiteElo "2603"]
[BlackElo "2420"]
[EventDate "2018.03.17"]
[PlyCount "98"]

1.d4 Nf6 2.c4 g6 3.Nc3 d5 4.cxd5 Nxd5 5.e4 Nxc3 6.bxc3 Bg7 7.Qa4+ Qd7 8.
Bb5 c6 9.Be2 b6 10.Nf3 Bb7 11.Qa3 O-O 12.O-O c5 13.d5 e6 14.Be3 exd5 15.
Rad1 Nc6 16.exd5 Ne7 17.c4 Nf5 18.Bc1 Rfe8 19.Bd3 Nd6 20.Bb2 Qg4 21.Bxg7 
Kxg7 22.Qc3+ f6 23.Qc1 Ba6 24.h3 Qd7 25.Nh2 f5 26.Qa3 Bb7 27.Nf3 Kg8 28.
Ng5 Bc8 29.Rfe1 Rxe1+ 30.Rxe1 Qg7 31.Bf1 Bd7 32.Qg3 Re8 33.Rxe8+ Nxe8 34.
Qb8 Ba4 35.Ne6 Qe7 36.g3 h6 37.h4 Kh7 38.Bd3 Bd1 39.Kg2 Nd6 40.Nf8+ Kg7 
41.Ne6+ Kh7 42.Nc7 Nxc4 43.Qxa7 Ne5 44.d6 Bf3+ 45.Kg1 Qg7 46.Bf1 Be4 47.
Bg2 c4 48.Qa3 c3 49.Ne6 Qf7 1/2-1/2

[Event "19th EUR-ch"]
[Site "Batumi GEO"]
[Date "2018.03.20"]
[Round "4.71"]
[White "Hracek, Zbynek"]
[Black "Schnider, Gert"]
[Result "1-0"]
[WhiteElo "2589"]
[BlackElo "2414"]
[EventDate "2018.03.17"]
[PlyCount "77"]

1.d4 Nf6 2.c4 e6 3.Nc3 Bb4 4.Nf3 b6 5.Bg5 Bb7 6.Nd2 h6 7.Bh4 Bxc3 8.bxc3 
d6 9.f3 Nbd7 10.e4 Qe7 11.Qa4 e5 12.Be2 O-O 13.Qc2 Rfe8 14.O-O Nf8 15.Rfe1
Ne6 16.Bf2 c5 17.dxe5 dxe5 18.Nf1 Nf4 19.Ne3 Nxe2+ 20.Rxe2 Red8 21.Bh4 Rd7
22.a4 Qe6 23.Bxf6 Qxf6 24.a5 Qd8 25.Nd5 b5 26.cxb5 Bxd5 27.exd5 Rxd5 28.
Qe4 f6 29.Rae1 Rb8 30.f4 Kh8 31.Qc4 Qd7 32.fxe5 fxe5 33.Rf2 Rd2 34.Rf7 Qd3
35.Qxd3 Rxd3 36.c4 Rc3 37.Rxa7 Rxc4 38.b6 e4 39.b7 1-0

[Event "19th EUR-ch"]
[Site "Batumi GEO"]
[Date "2018.03.20"]
[Round "4.72"]
[White "Donchenko, Alexander"]
[Black "Erenberg, Ariel"]
[Result "1/2-1/2"]
[WhiteElo "2588"]
[BlackElo "2415"]
[EventDate "2018.03.17"]
[PlyCount "116"]

1.d4 Nf6 2.c4 e6 3.Nf3 b6 4.g3 Bb7 5.Bg2 Bb4+ 6.Nbd2 O-O 7.O-O Bxd2 8.Qxd2
d6 9.b3 Nbd7 10.Bb2 Qe7 11.Rfd1 Rfd8 12.Qc3 c5 13.d5 exd5 14.cxd5 Qxe2 15.
Re1 Qb5 16.Nh4 Qb4 17.Qxb4 cxb4 18.Nf5 Kf8 19.Rac1 g6 20.Nxd6 Bxd5 21.Red1
Bxg2 22.Kxg2 Ke7 23.Rc7 Ne8 24.Nxe8 Kxe8 25.Bg7 Nc5 26.Rxd8+ Rxd8 27.Rxa7 
Rd6 28.Bh6 Nd7 29.Ra4 Rd4 30.Be3 Re4 31.Kf3 f5 32.Ke2 b5 33.Ra7 Re5 34.Kf3
Rd5 35.Ke2 Re5 36.Kd3 Rd5+ 37.Kc2 h5 38.f4 Nc5 39.Rg7 Nd3 40.Rxg6 Ne1+ 41.
Kc1 Nf3 42.h3 Rd3 43.Bb6 h4 44.g4 Kf7 45.gxf5 Rd2 46.Bc7 Rxa2 47.Rb6 Re2 
48.Bd8 Re1+ 49.Kb2 Re2+ 50.Kc1 Re1+ 51.Kc2 Nd4+ 52.Kd3 Rd1+ 53.Ke4 Nxb3 
54.Bxh4 Nd2+ 55.Ke3 Nc4+ 56.Ke2 Nxb6 57.Kxd1 Nd5 58.Bg5 Ne3+ 1/2-1/2

[Event "19th EUR-ch"]
[Site "Batumi GEO"]
[Date "2018.03.20"]
[Round "4.73"]
[White "Janik, Igor"]
[Black "Svane, Rasmus"]
[Result "0-1"]
[WhiteElo "2422"]
[BlackElo "2587"]
[EventDate "2018.03.17"]
[PlyCount "70"]

1.e4 c6 2.d4 d5 3.Nd2 dxe4 4.Nxe4 Nf6 5.Nxf6+ exf6 6.c3 Bd6 7.Bd3 O-O 8.
Ne2 Re8 9.O-O Na6 10.Bf4 Nc7 11.Bxd6 Qxd6 12.Ng3 g6 13.Ne4 Qd8 14.Re1 f5 
15.Nd2 Be6 16.Bc4 Nd5 17.Bb3 Qd7 18.Nc4 Re7 19.Qd2 Rae8 20.Re2 Nf6 21.Rae1
Qc7 22.f3 a5 23.Qg5 Kg7 24.Ne5 Bxb3 25.axb3 c5 26.Qd2 Rd8 27.g3 Re6 28.Qf4
Qe7 29.dxc5 Rd5 30.c6 bxc6 31.Kf1 Nh5 32.Nxc6 Qc5 33.b4 Nxf4 34.bxc5 Nxe2 
35.Na7 Rde5 0-1

[Event "19th EUR-ch"]
[Site "Batumi GEO"]
[Date "2018.03.20"]
[Round "4.74"]
[White "Gadimbayli, Abdulla"]
[Black "Esipenko, Andrey"]
[Result "1/2-1/2"]
[WhiteElo "2416"]
[BlackElo "2581"]
[EventDate "2018.03.17"]
[PlyCount "67"]

1.e4 e5 2.Nf3 Nc6 3.Bb5 a6 4.Ba4 Nf6 5.O-O Be7 6.Re1 b5 7.Bb3 d6 8.c3 O-O 
9.h3 Bb7 10.d4 Nd7 11.Nbd2 exd4 12.cxd4 Re8 13.Nf1 Na5 14.Bc2 Bf6 15.Bf4 
Nf8 16.b3 c5 17.Rc1 Ne6 18.Be3 cxd4 19.Nxd4 Nxd4 20.Bxd4 Nc6 21.Bxf6 Qxf6 
22.Ne3 Ne5 23.Nf5 Rad8 24.Qd2 g6 25.Qh6 Rc8 26.Rcd1 d5 27.Bb1 dxe4 28.Nd6 
e3 29.fxe3 Nf3+ 30.gxf3 Qxf3 31.Nxb7 Qg3+ 32.Kh1 Qf3+ 33.Kg1 Qg3+ 34.Kh1 
1/2-1/2

[Event "19th EUR-ch"]
[Site "Batumi GEO"]
[Date "2018.03.20"]
[Round "4.75"]
[White "Postny, Evgeny"]
[Black "Blohberger, Felix"]
[Result "1-0"]
[WhiteElo "2579"]
[BlackElo "2409"]
[EventDate "2018.03.17"]
[PlyCount "87"]

1.d4 Nf6 2.c4 e6 3.Nc3 Bb4 4.Qc2 d6 5.Nf3 Nbd7 6.Bd2 Qe7 7.a3 Bxc3 8.Bxc3 
e5 9.e3 a5 10.Be2 O-O 11.O-O b6 12.b3 Bb7 13.d5 a4 14.b4 b5 15.cxb5 Nxd5 
16.Bb2 N7b6 17.Nd2 f5 18.Rac1 Rac8 19.Rfd1 Kh8 20.Bf1 Qg5 21.Qd3 h6 22.Rc2
Nd7 23.Nc4 N5f6 24.Qe2 f4 25.f3 Nh5 26.e4 Ndf6 27.Na5 Ng3 28.Qe1 Bxe4 29.
fxe4 Ng4 30.Nc4 Qh4 31.h3 f3 32.gxf3 Rxf3 33.Bg2 Rcf8 34.hxg4 Qxg4 35.Rcd2
Nxe4 36.Rd3 Nf2 37.Rxf3 Rxf3 38.Rd2 Nh3+ 39.Kh1 Rg3 40.Nxe5 dxe5 41.Rd8+ 
Kh7 42.Qe4+ Qxe4 43.Bxe4+ g6 44.Rh8+ 1-0

[Event "19th EUR-ch"]
[Site "Batumi GEO"]
[Date "2018.03.20"]
[Round "4.76"]
[White "Bagaturov, Giorgi"]
[Black "Petrosian, Manuel"]
[Result "0-1"]
[WhiteElo "2410"]
[BlackElo "2569"]
[EventDate "2018.03.17"]
[PlyCount "76"]

1.d4 Nf6 2.c4 e6 3.Nf3 d5 4.Nc3 Bb4 5.Bg5 dxc4 6.e4 h6 7.Bxf6 Qxf6 8.Bxc4 
O-O 9.O-O c5 10.e5 Qd8 11.dxc5 Bxc3 12.Qxd8 Rxd8 13.bxc3 Bd7 14.Rab1 Bc6 
15.Nd4 Nd7 16.Bb5 Be4 17.Rb4 Nxc5 18.Nb3 Rac8 19.Be2 Bd5 20.c4 Be4 21.f3 
Bg6 22.Kf2 b6 23.Ke3 Nd3 24.Bxd3 Rxd3+ 25.Ke2 a5 26.Rxb6 Rxc4 27.Rd1 Rc2+ 
28.Rd2 Rdxd2+ 29.Nxd2 Rxa2 30.Ra6 a4 31.g3 Bc2 32.h4 Bb3 33.Ra8+ Kh7 34.
Ra7 Bd5 35.Rxf7 a3 36.Ra7 Ra1 37.Nb1 Rxb1 38.Rxa3 Rb3 0-1

[Event "19th EUR-ch"]
[Site "Batumi GEO"]
[Date "2018.03.20"]
[Round "4.77"]
[White "Stocek, Jiri"]
[Black "Soysal, Serkan"]
[Result "1-0"]
[WhiteElo "2567"]
[BlackElo "2406"]
[EventDate "2018.03.17"]
[PlyCount "87"]

1.d4 Nf6 2.c4 g6 3.Nc3 Bg7 4.e4 d6 5.Be2 O-O 6.Be3 Nc6 7.Nf3 e5 8.d5 Ne7 
9.Nd2 Kh8 10.g4 Nxg4 11.Bxg4 f5 12.h3 Ng8 13.exf5 gxf5 14.Qc2 f4 15.Bxa7 
Rxa7 16.Nde4 Nh6 17.Bxc8 Qxc8 18.O-O-O Bf6 19.Rhg1 Nf5 20.Qe2 Nd4 21.Qh5 
Qf5 22.Qxf5 Nxf5 23.Nb5 Ra4 24.b3 Rxa2 25.Kb1 Ra5 26.Nxc7 Be7 27.Kb2 Rc8 
28.Ne6 Rca8 29.Kc3 Ra2 30.Rd2 Rxd2 31.Kxd2 Ra2+ 32.Kd3 h6 33.Rg2 Rb2 34.
Nd2 Bh4 35.c5 dxc5 36.Nxc5 Be7 37.Nce4 Nd6 38.Nxd6 Bxd6 39.Nc4 Rxb3+ 40.
Kc2 Rb5 41.Nxd6 Rc5+ 42.Kb3 Rxd5 43.Ne4 Rd3+ 44.Kc2 1-0

[Event "19th EUR-ch"]
[Site "Batumi GEO"]
[Date "2018.03.20"]
[Round "4.78"]
[White "Ozen, Deniz"]
[Black "Chigaev, Maksim"]
[Result "0-1"]
[WhiteElo "2407"]
[BlackElo "2560"]
[EventDate "2018.03.17"]
[PlyCount "100"]

1.e4 g6 2.d4 Bg7 3.Nc3 d6 4.Nf3 Nf6 5.Be2 O-O 6.O-O Nbd7 7.e5 Ne8 8.Bf4 c6
9.Re1 d5 10.Qd2 f6 11.exf6 exf6 12.Bd3 f5 13.Bh6 Ndf6 14.Bxg7 Nxg7 15.Ne2 
Ne4 16.Qh6 g5 17.Bxe4 fxe4 18.Nxg5 Bf5 19.Nh3 Rf6 20.Qe3 Qd7 21.Nhf4 Raf8 
22.h3 Qf7 23.Ng3 Bc8 24.Nfe2 h5 25.h4 Rg6 26.Rf1 Bg4 27.c4 Bf3 28.gxf3 
exf3 29.Rae1 Qf6 30.Nf4 Qxf4 31.Qxf4 Rxf4 32.cxd5 cxd5 33.Re7 Rxh4 34.Rc1 
Rxd4 35.Kf1 Rdg4 36.Rc8+ Kh7 37.Rxb7 h4 38.Rbb8 Rb6 39.Rh8+ Kg6 40.Rxb6+ 
axb6 41.Nh1 d4 42.Rb8 h3 43.Rxb6+ Kh7 44.Rb3 h2 45.Rxf3 Rg1+ 46.Ke2 Rxh1 
47.Rh3+ Kg6 48.a4 Ne6 49.Rh8 Nf4+ 50.Kf3 d3 0-1

[Event "19th EUR-ch"]
[Site "Batumi GEO"]
[Date "2018.03.20"]
[Round "4.79"]
[White "Ter-Sahakian, Samvel"]
[Black "Mirzoev, Emil"]
[Result "1/2-1/2"]
[WhiteElo "2553"]
[BlackElo "2405"]
[EventDate "2018.03.17"]
[PlyCount "130"]

1.e4 e6 2.d4 d5 3.exd5 exd5 4.Nf3 Nf6 5.Bd3 Bd6 6.O-O O-O 7.h3 h6 8.Re1 
Nc6 9.c3 Re8 10.Rxe8+ Qxe8 11.Na3 Bxa3 12.bxa3 Ne7 13.Bf4 Bf5 14.Bf1 Ng6 
15.Bh2 b6 16.Qb3 Qd7 17.a4 c5 18.dxc5 bxc5 19.a5 c4 20.Qb4 Re8 21.Rd1 Bc2 
22.Re1 Bd3 23.Rxe8+ Qxe8 24.Qb8 Qxb8 25.Bxb8 a6 26.Ba7 Ne4 27.Bd4 f6 28.
Ne1 Bb1 29.f3 Nd6 30.a4 Nb7 31.Bb6 Ne7 32.Kf2 Nc6 33.Ke3 Kf7 34.g4 Ke6 35.
h4 Nbxa5 36.h5 Nb3 37.Ng2 Kd6 38.Kf4 Bd3 39.Ne3 Bxf1 40.Nxf1 d4 41.Ng3 d3 
42.Nf5+ Kd7 43.Ne3 Ne5 44.Kf5 Nxf3 45.Nxc4 d2 46.Nb2 Ne5 47.Nd1 Kc6 48.Bd8
Nc5 49.Be7 Ncd7 50.Bb4 Nc4 51.Ke4 a5 52.Kd4 Nde5 53.Bf8 Nb6 54.Bxg7 Nxg4 
55.Ke4 Nxa4 56.Kf5 Nb2 57.Nxb2 a4 58.Bf8 Ne3+ 59.Kxf6 Nc4 60.Nd1 Kd5 61.
Kf5 Nd6+ 62.Kg6 a3 63.c4+ Nxc4 64.Bxa3 Nxa3 65.Kxh6 Nc4 1/2-1/2

[Event "19th EUR-ch"]
[Site "Batumi GEO"]
[Date "2018.03.20"]
[Round "4.80"]
[White "Lomasov, Semen"]
[Black "Bosman, Michiel"]
[Result "1-0"]
[WhiteElo "2551"]
[BlackElo "2398"]
[EventDate "2018.03.17"]
[PlyCount "85"]

1.e4 e5 2.Nf3 Nc6 3.d4 exd4 4.Nxd4 Nf6 5.Nxc6 bxc6 6.Qe2 d6 7.Nc3 Be7 8.g3
O-O 9.Bg2 Nd7 10.b3 Bf6 11.Bb2 Bb7 12.O-O-O c5 13.f4 Bd4 14.Na4 Bxb2+ 15.
Nxb2 Nb6 16.e5 Bxg2 17.Qxg2 Qd7 18.c4 a5 19.a4 Rfd8 20.Rhe1 Ra7 21.Nd3 Qc8
22.g4 Nd7 23.Kc2 Ra6 24.e6 fxe6 25.Rxe6 Nf8 26.Re3 c6 27.f5 Ra7 28.Nf4 
Rad7 29.Qf3 Qb7 30.Ne6 Re8 31.Nxf8 Rxf8 32.Qe4 d5 33.Qe6+ Rdf7 34.cxd5 
cxd5 35.Qxd5 Qb8 36.Rd2 h6 37.Re7 c4 38.Qxc4 Kh7 39.Rxf7 Rc8 40.Qxc8 Qxc8+
41.Kb2 Kh8 42.f6 gxf6 43.Rdd7 1-0

[Event "19th EUR-ch"]
[Site "Batumi GEO"]
[Date "2018.03.20"]
[Round "4.81"]
[White "Huschenbeth, Niclas"]
[Black "Rzayev, Bahruz"]
[Result "1-0"]
[WhiteElo "2549"]
[BlackElo "2390"]
[EventDate "2018.03.17"]
[PlyCount "153"]

1.e4 c5 2.Nf3 e6 3.d4 cxd4 4.Nxd4 a6 5.Bd3 Nf6 6.O-O d6 7.c4 Be7 8.Nc3 O-O
9.Be3 b6 10.f4 Bb7 11.Qf3 Nbd7 12.Rac1 Rc8 13.b4 Rc7 14.Qg3 g6 15.Qh3 Qa8 
16.Nxe6 fxe6 17.Qxe6+ Rf7 18.Nd5 Nxd5 19.cxd5 Rxc1 20.Rxc1 Nc5 21.bxc5 Bc8
22.Qxf7+ Kxf7 23.c6 Qb8 24.c7 Qb7 25.a4 Bf6 26.Rc2 Bd7 27.h3 b5 28.a5 b4 
29.Bb6 Qc8 30.Bc4 Bb5 31.Bb3 Ke8 32.Rc1 Kd7 33.Bd1 h5 34.f5 g5 35.Bxh5 b3 
36.e5 dxe5 37.Bf7 Ke7 38.Be6 Bd7 39.Rb1 e4 40.Rxb3 Be5 41.Bc5+ Kf6 42.d6 
e3 43.Rb8 e2 44.Bf2 Bxd6 45.Rxc8 Bc5 46.Rf8+ Kg7 47.Rf7+ Kh6 48.Rf6+ Kh7 
49.Rf7+ Kh6 50.Bxc5 e1=Q+ 51.Kh2 Qe5+ 52.Kh1 Qxc5 53.Rxd7 Qc1+ 54.Kh2 Qf4+
55.Kg1 Qc1+ 56.Kf2 Qc2+ 57.Ke3 Qc3+ 58.Ke4 Qc2+ 59.Kd4 Qb2+ 60.Kd3 Qb1+ 
61.Kc3 Qa1+ 62.Kb3 Qb1+ 63.Kc3 Qa1+ 64.Kb4 Qb1+ 65.Bb3 Qe1+ 66.Ka4 Qa1+ 
67.Kb4 Qe1+ 68.Kc4 Qf1+ 69.Kd4 Qf2+ 70.Kd5 Qxf5+ 71.Kd6 Qd3+ 72.Ke7 Qc3 
73.Rd6+ Kh5 74.Bf7+ Kh4 75.Kd7 Qg7 76.c8=Q Qxf7+ 77.Kc6 1-0

[Event "19th EUR-ch"]
[Site "Batumi GEO"]
[Date "2018.03.20"]
[Round "4.82"]
[White "Kalashian, David"]
[Black "Stupak, Kirill"]
[Result "0-1"]
[WhiteElo "2399"]
[BlackElo "2541"]
[EventDate "2018.03.17"]
[PlyCount "86"]

1.d4 Nf6 2.c4 b6 3.Nc3 Bb7 4.d5 e6 5.a3 c6 6.e4 exd5 7.exd5 Bd6 8.Nf3 O-O 
9.Be2 cxd5 10.cxd5 Re8 11.O-O Na6 12.Bg5 h6 13.Bh4 Nc5 14.Nb5 Nce4 15.Nxd6
Nxd6 16.Bd3 Bxd5 17.Bb1 Bxf3 18.Qxf3 Nc4 19.Qf5 Nd2 20.Rd1 Nb3 21.Ra2 Rc8 
22.f3 Qe7 23.h3 Qe3+ 24.Kh2 Rc5 25.Qd3 Qxd3 26.Bxd3 Rc1 27.Rf1 Nd5 28.Bb5 
Rxf1 29.Bxf1 Ne3 30.Bb5 Nc2 31.Bxd7 Re2 32.Bb5 Rd2 33.Bg3 g5 34.Be5 Nc1 
35.Bc3 Rd8 36.Bc4 Rc8 37.Bd2 Nxa2 38.Bxa2 Nxa3 39.h4 Nc4 40.Bc3 Nxb2 41.
Bf6 gxh4 42.Bxh4 b5 43.Bf6 Nc4 0-1

[Event "19th EUR-ch"]
[Site "Batumi GEO"]
[Date "2018.03.20"]
[Round "4.83"]
[White "Meskovs, Nikita"]
[Black "Bashirli, Nail"]
[Result "0-1"]
[WhiteElo "2536"]
[BlackElo "2384"]
[EventDate "2018.03.17"]
[PlyCount "94"]

1.d4 Nf6 2.c4 e6 3.Nf3 b6 4.g3 Bb7 5.Bg2 Be7 6.O-O O-O 7.Nc3 Ne4 8.Bd2 f5 
9.Ne5 Bf6 10.Qc2 Nxc3 11.Bxc3 Bxg2 12.Kxg2 d5 13.cxd5 Qxd5+ 14.f3 Bxe5 15.
dxe5 Nc6 16.Rfd1 Qc5 17.Rac1 Ne7 18.Qb3 Nd5 19.Bd4 Qe7 20.e4 fxe4 21.fxe4 
Nb4 22.Bc3 a5 23.a3 Na6 24.Qc4 Nc5 25.b4 axb4 26.axb4 Ra4 27.Rf1 Rxf1 28.
Rxf1 Qd7 29.Qe2 Qd3 30.Qf2 h6 31.bxc5 Qxc3 32.Qf7+ Kh7 33.Kh3 Qxe5 34.Qe8 
Qxe4 35.Rf4 Ra8 36.Qf7 Qg6 37.Qxc7 Qh5+ 38.Rh4 Qxc5 39.Qd7 Qf5+ 40.Rg4 
Qf1+ 41.Kh4 Qf6+ 42.Kh3 Ra5 43.Qd3+ Rf5 44.Rb4 Qg6 45.Qe2 Rh5+ 46.Kg2 Rc5 
47.Re4 Qf5 0-1

[Event "19th EUR-ch"]
[Site "Batumi GEO"]
[Date "2018.03.20"]
[Round "4.84"]
[White "Kantor, Gergely"]
[Black "Voit, Daria"]
[Result "0-1"]
[WhiteElo "2527"]
[BlackElo "2382"]
[EventDate "2018.03.17"]
[PlyCount "76"]

1.d4 Nf6 2.c4 e6 3.Nf3 Bb4+ 4.Nbd2 O-O 5.a3 Bxd2+ 6.Bxd2 b6 7.Bg5 Bb7 8.e3
h6 9.Bh4 d6 10.g4 c5 11.g5 hxg5 12.Bxg5 cxd4 13.exd4 e5 14.Rg1 Nbd7 15.d5 
Re8 16.Nh4 e4 17.Qd4 Re5 18.Qe3 g6 19.Bh3 Nc5 20.O-O-O Bc8 21.Bxc8 Rxc8 
22.Kb1 Kg7 23.Bf4 Rh5 24.Qg3 Qe8 25.Rge1 Ncd7 26.Bxd6 Rxc4 27.Qb3 Qc8 28.
Ng2 Nxd5 29.Bg3 N7f6 30.Rd2 Qc6 31.Ka2 b5 32.Red1 b4 33.a4 Nc3+ 34.bxc3 
bxc3 35.Rd6 Rxa4+ 36.Kb1 c2+ 37.Qxc2 Ra1+ 38.Kb2 Ra2+ 0-1